| 000 | 00609cam a22001934a 4500 | ||
|---|---|---|---|
| 005 | 20250605163455.0 | ||
| 008 | 250528s ||||||||||||||||||||||||d | ||
| 035 | _a20083 | ||
| 020 | _a103519 | ||
| 040 |
_aGR-AtMCL _bgre _dGR-AtMCL _eAACR2 |
||
| 245 | 1 | _aCommunication Arts Photography Annual 39 | |
| 260 |
_bAbc, _c1998 |
||
| 300 | _a260 | ||
| 505 | 0 | _aAdvertising, Books, Editorial, For Sale, Institutional, Self-Promotion, Unpublished | |
| 520 | _aAdvertising, Books, Editorial, For Sale, Institutional, Self-Promotion, Unpublished | ||
| 942 | _cBK | ||
| 999 |
_c5230 _d5230 |
||